Hipertiroidismo, fisiopatología y tratamiento / (Record no. 37826)

MARC details
000 -LEADER
campo de control de longitud fija 00483nam a2200145 i 4500
001 - NÚMERO DE CONTROL
campo de control 37826
003 - IDENTIFICADOR DE NÚMERO DE CONTROL
campo de control ES-MaACL
007 - CAMPO FIJO DE DESCRIPCIÓN FÍSICA--INFORMACIÓN GENERAL
campo de control de longitud fija t|
008 - DATOS DE LONGITUD FIJA--INFORMACIÓN GENERAL
campo de control de longitud fija 030221s1945 ag ||||1| spa d
100 1# - ENTRADA PRINCIPAL--NOMBRE DE PERSONA
Nombre de persona Caeiro, Jose Alberto.
9 (RLIN) 33405
245 10 - MENCIÓN DEL TÍTULO
Título Hipertiroidismo, fisiopatología y tratamiento /
Mención de responsabilidad, etc. José Alberto Caeiro.
260 ## - PUBLICACIÓN, DISTRIBUCIÓN, ETC.
Lugar de publicación, distribución, etc. Buenos Aires :
Nombre del editor, distribuidor, etc. López y Etchegoyen,
Fecha de publicación, distribución, etc. 1945 (
Fabricante La Prensa Médica Argentina)
300 ## - DESCRIPCIÓN FÍSICA
Extensión 249 p. :
Otras características físicas 1 lám., il. ;
Dimensiones 23 cm.
852 ## - LOCALIZACIÓN
Ubicación ES-MaACL
Número de control de estantería E-1819
Sublocalización o colección R.22611
Holdings
Estatus retirado Estado de pérdida Estado de daño No para préstamo Biblioteca de origen Biblioteca actual Ubicación en estantería Fecha de adquisición Fuente de adquisición Total de préstamos Signatura topográfica completa Código de barras Visto por última vez Precio de reemplazo Tipo de ítem Koha
        Biblioteca del Ateneo de Madrid Biblioteca del Ateneo de Madrid Depósito 2 17/01/2008     E-1819 1039826 23/02/2023 23/02/2023 Libro impreso